000 00501nam a2200205Ia 4500
008 170918s9999 xx 000 0 und d
020 _a9780545377614
050 _bK297 2012
100 _aKelly, Jamie
245 _aSchool hasn't this gone on long enough? /
245 _cJamie Kelly.
260 _aNew York :
260 _bScholastic,
260 _c2012
300 _a134 pages :
300 _bcolored illustration ;
300 _c19cm.
440 _aDear dumb diary ;
500 _a940
999 _c342275
_d342275